000 00626nam a22001937a 4500
005 20180724120531.0
010 _aENG- 123582
020 _c399.00
_a9789386224453
035 _aEN-107114
037 _bDBAD/PUB
082 _aN
100 _aRangarajan, Ra. Ki.
245 _aI, krishnadevaraya /
_cby Ra. Ki. Rangarajan; translated by Suganthy Krishnamachari
260 _aChennai
_bWestland Publications
_c2017
270 _a61, IInd Floor, Silverline Building, Alapakkam Main Road, Maduravoyal,
_bChennai
_e600095
300 _a396p.
_c21cm.(pbk)
700 _aKrishnamachari, Suganthy
942 _2ddc
_cEN
_hN
_mRAN
999 _c154690
_d154690